000
00245nam a2200097Ia 4500
001
991950
005
20250826221339.0
008
250824s9999 xx 000 0 und d
245
0
_a
HAYATA DÖN
_c
GÜLSEREN BUDAYICIOĞLU
260
_b
REMZİ KİTABEVİ
999
_c
991950
_d
991950